LEADER 01277nam 2200385 450 001 000001822 005 20070503173300.0 100 $a--------d1966----km-y0itay0103----ba 101 0 $aeng 102 $aUS 200 1 $a<> collected works of Jane Bowles$gwith an introduction by Truman Capote 200 1 $a1 $n0004029 210 $aNew York$cFarrar, Straus and Giroux$dc1966 215 $aIX, 431 p.$d21 cm. 676 $a818.5 700 1$aBowles,$bJane$0438788 702 1$aCapote,$bTruman 801 0$aIT$bUniversità della Basilicata - B.I.A.$gRICA$2unimarc 912 $a000001822 996 $aCollected works of Jane Bowles$971681 997 $aUNIBAS BAS $aMONLET BAS $aMONOGR BAS $aLETTERE CAT $aGLAGUARDIA$b01$c19990730$lBAS01$h1342 CAT $c20000920$lBAS01$h1829 CAT $c20001010$lBAS01$h1632 CAT $c20050601$lBAS01$h1752 CAT $abatch$b01$c20050718$lBAS01$h1047 CAT $c20050718$lBAS01$h1106 CAT $c20050718$lBAS01$h1136 CAT $c20050718$lBAS01$h1150 CAT $aBATCH$b00$c20070503$lBAS01$h1733 FMT Z30 -1$lBAS01$LBAS01$mBOOK$1BASA1$APolo Storico-Umanistico$2GEN$BCollezione generale$3FP/2450$9FP/2450$62450$5L2450$819990730$f02$FPrestabile Generale LEADER 01093nas 2200409 c 450 001 9910893385803321 005 20260218111126.0 035 $a(CKB)5280000000196604 035 $a(DE-599)ZDB2473207-2 035 $a(OCoLC)643741985 035 $a(DE-101)992032717 035 $a(DE-599)2473207-2 035 $a(EXLCZ)995280000000196604 100 $a20090112a19989999 |y | 101 0 $aspa 135 $aur||||||||||| 181 $ctxt$2rdacontent 182 $cc$2rdamedia 183 $acr$2rdacarrier 200 10$aMemorias / Autoridad de Fiscalizacio?n y Control Social de Electricidad 210 31$aLa Paz$d1998- 215 $aOnline-Ressource 300 $aGesehen am 24.06.20 517 1 $aMemoria 517 1 $aMemoria anual 517 1 $aMemoria institucional 608 $aZeitschrift$2gnd-content 676 $a310 676 $a620 712 02$aBolivien$bSuperintendencia de Electricidad$4isb 801 0$b0206 801 1$bDE-101 801 2$b9001 906 $aJOURNAL 912 $a9910893385803321 996 $aMemorias$9982679 997 $aUNINA